书目信息 |
| 题名: |
商业模式的经济解释
|
|
| 作者: | 魏炜 , 朱武祥 , 林桂平 著 | |
| 分册: | ||
| 出版信息: | 北京 机械工业出版社 2012 |
|
| 页数: | 12,200页 | |
| 开本: | 24cm | |
| 丛书名: | ||
| 单 册: | ||
| 中图分类: | F272.3 | |
| 科图分类: | ||
| 主题词: | 企业管理--商业模式--研究 , 企业管理 , 商业模式 | |
| 电子资源: | ||
| ISBN: | 978-7-111-38128-0 | |
| 000 | 01042nam0 2200301 450 | |
| 001 | 523 | |
| 005 | 20140909091608.56 | |
| 010 | @a978-7-111-38128-0@dCNY36.00 | |
| 100 | @a20120906d2012 em y0chiy50 ea | |
| 101 | 0 | @achi |
| 102 | @aCN@b110000 | |
| 105 | @ay z 000yy | |
| 106 | @ar | |
| 200 | 1 | @a商业模式的经济解释@e深度解构商业模式密码@dApproaching business models@efrom an economic perspective@f魏炜,朱武祥,林桂平著@zeng |
| 210 | @a北京@c机械工业出版社@d2012 | |
| 215 | @a12,200页@d24cm | |
| 330 | @a本书在逻辑上推进商业模式的研究,从定义、功能、要素内在自洽逻辑、设计等环节进行拓展,使商业模式的设计有了衡量的标准,也使商业模式的内在逻辑清晰可见。 | |
| 510 | 1 | @aApproaching business models@efrom an economic perspective@zeng |
| 517 | 1 | @a深度解构商业模式密码 |
| 606 | 0 | @a企业管理@x商业模式@x研究 |
| 606 | 0 | @a企业管理 |
| 606 | 0 | @a商业模式 |
| 690 | @aF272.3@v5 | |
| 701 | 0 | @a魏炜@4著 |
| 701 | 0 | @a朱武祥@4著 |
| 701 | 0 | @a林桂平@4著 |
| 801 | 0 | @aCN@bTANGWEI@c20140603 |
| 905 | @b0842864-66@dF272.3@e1018@f3 | |
| 商业模式的经济解释:深度解构商业模式密码=Approaching business models:from an economic perspective/魏炜,朱武祥,林桂平著.-北京:机械工业出版社,2012 |
| 12,200页;24cm |
| ISBN 978-7-111-38128-0:CNY36.00 |
| 本书在逻辑上推进商业模式的研究,从定义、功能、要素内在自洽逻辑、设计等环节进行拓展,使商业模式的设计有了衡量的标准,也使商业模式的内在逻辑清晰可见。 |
| ● |
| 相关链接 |
|
|
|
|
正题名:商业模式的经济解释
索取号:F272.3/1018
 
预约/预借
| 序号 | 登录号 | 条形码 | 馆藏地/架位号 | 状态 | 备注 |
| 1 | 0842864 | 208428646 | 第一样本阅览室/ [索取号:F272.3/1018] | 在馆 | |
| 2 | 0842865 | 208428655 | 密集书库-海洋学院/ [索取号:F272.3/1018] | 在馆 | |
| 3 | 0842866 | 208428664 | 第一借阅区/ [索取号:F272.3/1018] | 在馆 |